000 00298nam a2200145Ia 4500
100 _aBailey/ Duane A
942 _cBK
654 _aComputer
245 _aJava TM Structures
260 _bMc Graw Hill
_c1999
082 _a005.133'J'
_bBAI
300 _a369
546 _aENGLISH
999 _c30479
_d30479